Проблемы геологии и освоения недр: труды XVII Международного симпозиума имени академика М. А. Усова студентов и молодых ученых, посвященного 150-летию со дня рождения В. А. Обручева и 130-летию академика М. А. Усова, основателей Сибирской горно-геологической школы, 1-6 апреля 2013 г., г. Томск; в 2 т.

Dettagli Bibliografici
Enti autori: Национальный исследовательский Томский политехнический университет (ТПУ) Институт природных ресурсов (ИПР), Общество инженеров-нефтяников Студенческий чаптер
Altri autori: Дмитриев А. Ю. Андрей Юрьевич
Lingua:russo
Pubblicazione: Томск, Изд-во ТПУ, 2013
Natura: MixedMaterials Libro
KOHA link:https://koha.lib.tpu.ru/cgi-bin/koha/opac-detail.pl?biblionumber=289544

MARC

LEADER 00000nam1a2200000 4500
001 289544
005 20231031235603.0
010 |a 9785982985699 
035 |a (RuTPU)RU\TPU\book\314055 
035 |a RU\TPU\book\267402 
090 |a 289544 
100 |a 20150401d2013 k y0rusy50 ca 
101 0 |a rus 
102 |a RU 
200 1 |a Проблемы геологии и освоения недр  |e труды XVII Международного симпозиума имени академика М. А. Усова студентов и молодых ученых, посвященного 150-летию со дня рождения В. А. Обручева и 130-летию академика М. А. Усова, основателей Сибирской горно-геологической школы, 1-6 апреля 2013 г., г. Томск  |e в 2 т.  |f Национальный исследовательский Томский политехнический университет (ТПУ), Институт природных ресурсов (ИПР) ; Общество инженеров-нефтяников, Студенческий чаптер ; гл. ред. А. Ю. Дмитриев 
210 |a Томск  |c Изд-во ТПУ  |d 2013 
702 1 |a Дмитриев  |b А. Ю.  |c специалист в области нефтегазового дела  |c доцент, проректор-директор Томского политехнического университета, кандидат технических наук  |f 1972-  |g Андрей Юрьевич  |2 stltpush  |3 (RuTPU)RU\TPU\pers\24766  |4 651 
712 0 2 |a Национальный исследовательский Томский политехнический университет (ТПУ)  |b Институт природных ресурсов (ИПР)  |2 stltpush  |3 (RuTPU)RU\TPU\col\16389 
712 0 2 |a Общество инженеров-нефтяников  |b Студенческий чаптер  |c международная некоммерческая организация  |2 stltpush  |3 (RuTPU)RU\TPU\col\17717 
801 1 |a RU  |b 63413507  |c 20121108 
801 2 |a RU  |b 63413507  |c 20150401  |g RCR 
942 |c BK